| 000 | 01017nam a2200289 i 4500 | ||
|---|---|---|---|
| 003 | DO-SdBNP | ||
| 005 | 20240408153626.0 | ||
| 007 | ta | ||
| 008 | 240408b202u dr 000 0 spa d | ||
| 020 | _a9789945185805 | ||
| 040 |
_aDO-SdBNP _bspa _cBNPHU _erda |
||
| 082 | 4 |
_222 _bO34 |
|
| 100 |
_aOgando B., Joel _eautor _985141 |
||
| 245 | 1 | 0 |
_aCara a Cara : _b"El alma frente a Dios" / _cJoel Ogando B. : prólogo Loreanne Ramírez Tejada, Michell Almonte, Nireilys David |
| 264 |
_aSanto Domingo _b[editor no identificado], _c[2023]. |
||
| 300 |
_a250 páginas ; _c23 cm. |
||
| 336 |
_2rdaontent _atexto _btxt |
||
| 337 |
_2rdamedia _asin mediación _bn |
||
| 338 |
_2rdacarrier _avolumen _bnc |
||
| 500 | _aIncluye datos biográficos del autor en la solapa de la portada | ||
| 590 | _aInventariado, 2024/ YL | ||
| 700 | 1 |
_aRamírez Tejada, Loreanne _eprólogo _981438 |
|
| 700 | 1 |
_aAlmonte, Michell _eprólogo _985161 |
|
| 700 | 1 |
_a David, Nireilys _eprólogo _985162 |
|
| 910 | _aYLockward | ||
| 942 |
_2ddc _cLBS1 |
||
| 999 |
_c56296 _d56296 |
||